Political history of modern Iran: (Record no. 1308484)

MARC details
000 -LEADER
fixed length control field 00758nam a22002297a 4500
005 - DATE AND TIME OF LATEST TRANSACTION
control field 20250407143338.0
008 - FIXED-LENGTH DATA ELEMENTS--GENERAL INFORMATION
fixed length control field 250407b |||||||| |||| 00| 0 eng d
020 ## - INTERNATIONAL STANDARD BOOK NUMBER
International Standard Book Number 978-0-7556-4399-8 (pbk)
037 ## - SOURCE OF ACQUISITION
Terms of availability TB
040 ## - CATALOGING SOURCE
Original cataloging agency CRL
Transcribing agency CRL
041 ## - LANGUAGE CODE
Source of code eng
Language code of text/sound track or separate title eng
084 ## - COLON CLASSIFICATION NUMBER
Classification number V45.P1 R3
Assigning agency CRL
100 ## - MAIN ENTRY--PERSONAL NAME
Personal name by Ali Rahnema
9 (RLIN) 751875
245 ## - TITLE STATEMENT
Title Political history of modern Iran:
Remainder of title Revolution, reaction and transformation, 1905 to the present
260 ## - PUBLICATION, DISTRIBUTION, ETC.
Place of publication, distribution, etc. London, UK:
Name of publisher, distributor, etc. I.B. Tauris,
Date of publication, distribution, etc. 2023
300 ## - PHYSICAL DESCRIPTION
Extent xliv,694p.
365 ## - TRADE PRICE
Price amount 23.99
Currency code UKP
650 ## - SUBJECT ADDED ENTRY--TOPICAL TERM
Topical term or geographic name entry element Iran History
650 ## - SUBJECT ADDED ENTRY--TOPICAL TERM
Topical term or geographic name entry element History
942 ## - ADDED ENTRY ELEMENTS (KOHA)
Source of classification or shelving scheme Colon Classification (CC)
Koha item type Textbook
Classification part V45.P1 R3
Suppress in OPAC No
Holdings
Withdrawn status Lost status Source of classification or shelving scheme Damaged status Not for loan Home library Current library Date acquired Source of acquisition Cost, normal purchase price Inventory number Total Checkouts Full call number Barcode Date last seen Price effective from Koha item type
    Colon Classification (CC)     Central Library Central Library 2025-04-07 Segment Book Distributors 23.99 69733 & 205-02-18   V45.P1 R3 CL1923099 2025-04-07 2025-04-07 Textbook
Copyright @ Delhi University Library System